|
|
|
|
| LEADER |
00000nam a2200000Ii 4500 |
| 001 |
DIGAUHUM0105 |
| 003 |
NyNyDIG |
| 006 |
m o d |
| 007 |
cr ||||||||||| |
| 008 |
260205s2022 ck ob 000 0 spa d |
| 035 |
|
|
|a (OCoLC)1573182632
|
| 040 |
|
|
|a DGITA
|b eng
|e rda
|e pn
|c DGITA
|
| 020 |
|
|
|a 9789585196759
|q (versión digital)
|
| 020 |
|
|
|z 9789585196735
|q (versión impresa)
|
| 043 |
|
|
|a s-ck---
|
| 050 |
1 |
4 |
|a LA566 ebook
|
| 245 |
0 |
0 |
|a Educación, currículo y violencia /
|c Edisson Cuervo Montoya, Claudia Patricia Rivera Sánchez (coord.).
|
| 250 |
|
|
|a Primera edición.
|
| 264 |
|
1 |
|a Bogotá, Colombia :
|b Editorial Aula de Humanidades,
|c 2022.
|
| 300 |
|
|
|a 1 online resource.
|
| 336 |
|
|
|a text
|b txt
|2 rdacontent
|
| 337 |
|
|
|a computer
|b c
|2 rdamedia
|
| 338 |
|
|
|a online resource
|b cr
|2 rdacarrier
|
| 347 |
|
|
|a text file
|2 rdaft
|
| 347 |
|
|
|b PDF
|
| 490 |
1 |
|
|a Colección: Educación e inclusión
|
| 504 |
|
|
|a Includes bibliographical references.
|
| 588 |
0 |
|
|a Online resource; title from PDF title page (Digitalia, viewed February 5, 2026)
|
| 650 |
|
0 |
|a Education
|x Social aspects
|z Colombia.
|
| 650 |
|
0 |
|a Education
|x Curricula
|z Colombia.
|
| 650 |
|
0 |
|a Violence
|x Research
|z Colombia.
|
| 650 |
|
0 |
|a Political violence
|x Research
|z Colombia.
|
| 700 |
1 |
|
|a Cuervo Montoya, Edisson,
|e editor.
|
| 700 |
1 |
|
|a Rivera Sánchez, Claudia Patricia,
|e editor.
|
| 791 |
2 |
|
|a Digitalia (Firm),
|e distributor.
|
| 793 |
0 |
|
|g Digitalia eBook Collection:
|a Editorial Aula de Humanidades
|
| 776 |
0 |
8 |
|i Print version:
|t Educación, currículo y violencia.
|b Primera edición.
|d Bogotá, Colombia : Editorial Aula de Humanidades, 2022
|z 9789585196735
|
| 830 |
|
0 |
|a Educación e inclusión.
|
| 856 |
4 |
0 |
|3 Digitalia Hispánica
|u https://www.digitaliapublishing.com/a/182555/
|
| 910 |
|
|
|a Premium collection: 2026
|